Metodické pokyny MF SR - vykonávacie predpisy k daniam aktualita 1/2002

Uložené v:
Podrobná bibliografia
Médium: Kniha
Jazyk:Slovak
Vydavateľské údaje: Žilina PORADCA, s.r.o. 2002
Predmet:
Tagy: Pridať tag
Žiadne tagy, Buďte prvý, kto otaguje tento záznam!

MARC

LEADER 00000nam a2200000 4500
001 c133219
005 20221124092507.6
020 |a 80-88927-36-6 
041 0 |a slo 
044 |a SK 
245 1 0 |a Metodické pokyny MF SR - vykonávacie predpisy k daniam  |b aktualita 1/2002 
264 1 |a Žilina  |b PORADCA, s.r.o.  |c 2002 
300 |a 12 s. 
610 2 0 |a dane 
610 2 0 |a základ dane 
610 2 0 |a priznania daňové 
610 2 0 |a dane z príjmov 
610 2 0 |a Slovensko